000 00637nam a22001817a 4500
003 UA-OsUOA
001 13961
007 ta
008 20030707b un ||||| |||| 00| 0 ukr d
100 _aПогонська В.
942 _cSA
040 _aUA-OsUOA
_cUA-OsUOA
_dUA-OsUOA
245 _aУ ногу з вимогами часу [йде система освіти м.Рівного. Про це заявив на прес-конф. нач. упр. освіти В.Новак]
300 _aС.9
955 _a0
773 0 _w0
_tСім днів
_dРівне
_d2003
_g№26/27 черв./
650 7 _aКраєзнавча робота
_2UDC
999 _c300122
_d300122